02047 am a2200433 a 450000500170000000800410001702000150005804100080007310000260008124500750010725000110018226000530019330000110024650001500025765300970040765300280050465300450053265300390057765300340061665300300065065300260068065300190070665300190072565300450074465300540078965300500084365300260089365300310091965300610095065300550101165300150106665300360108165300460111765300270116365300330119065300380122365303260126170000260158720240524082330.0100310s1992||||mx A f |||| 001 0 spa d a968860416X aspa1 aKroeger, Axel.eComp. aAtención primaria de salud.bPrincipios y métodos / cAxel Kroeger a2a ed. aMéxico: bOPS ; Editorial Pax México;c1992. a639 p. aKroeger, A. y Luna, R. (Comps.). (1992). Atención primaria de salud. Principios y métodos. (2a ed.). México : OPS ; Editorial Pax México. aAspectos programáticos de la atención primaria de salud a nivel nacional e internacional aContexto socio-cultural aAdministración de un programa de salud aTrabajador básico de salud (TBS) aInvestigación a nivel local aEducación para la salud aAtención del niño aInmunización aAlimentación aControl prenatal y atención del niño aTrabajo con las parteras empíricas (comadronas) aEducación sexual y planificación familiar aSaneamiento ambiental aControl de la tuberculosis aEnfermedades tropicales (malaria, chagas, leishmaniasis) aSalud mental: el papel del médico y la enfermera aSalud oral aSalud y enfermedades de la piel aCirugía en pequeñas unidades de salud aManejo de medicamentos aPlantas medicinales y su uso aTécnicas simples de laboratorio aAnexos: 1- Revistas que son relevantes para la APS. 2- Manuales y material didáctico para el personal auxiliar. 3- Grupos e instituciones en Latinoamerica que trabajan en programas de atención primaria de salud, en tecnología apropiada o áreas similares. 4- Oficinas de la Organización Panamericana de la Salud.1 aLuna, Ronaldo.eComp.